Statistics for The Beatles' "Sgt. Pepper" Lyrics Quiz

Click here to take the quiz!

General Stats

  • This quiz has been taken 3,719 times
    (3,717 since last reset)
  • The average score is 11 of 16

Answer Stats

HintAnswer% Correct
Ringo gets by with a little help from whom?His friends
98%
How many years has it been since Sgt. Pepper taught the band to play?Twenty
90%
Fill in the blank: Will you still need me, will you still feed me, when I'm ______-_____sixty-four
90%
Fill in the blank: Somebody calls you, you answer quite slowly. A girl with __________ eyeskaleidoscope
85%
Paul is fixing a hole where what gets in?The rain
83%
In "She's Leaving Home," what day of the week does the girl leave?Wednesday
81%
And on what day of the week does she meet a man from the motor trade?Friday
80%
In "A Day in the Life," the man blew his mind out in a what?Car
77%
What is Lovely Rita's occupation?Meter maid
76%
Fill in the blanks: Now we know how many holes it takes to fill the _______ ______Albert Hall
65%
What do the rocking horse people eat?Marshmallow pies
63%
What is the name of the horse that dances the waltz?Henry
54%
According to the song "Within You Without You," what can we use to save the world?Our love
52%
Fill in the blank: I'm painting a room in a __________ waycolorful
47%
The bag across Rita's shoulder made her look a little like a what?Military man
46%
Mr. Kite performs his feat on Saturday where?Bishopsgate
39%

Score Distribution

Percentile by Number Answered

Percent of People with Each Score

Your Score History

You have not taken this quiz since the last reset